[Event "Olympiad-40"]
[Site "Istanbul"]
[Date "2012.08.28"]
[Round "1.3"]
[White "Samhouri, Bilal"]
[Black "Akobian, Varuzhan"]
[Result "0-1"]
[WhiteElo "2244"]
[BlackElo "2617"]
[PlyCount "64"]
[EventDate "2012.08.28"]
[EventType "team-swiss"]
[EventRounds "11"]
[EventCountry "TUR"]
[SourceTitle "CBM 151"]
[Source "ChessBase"]
[SourceDate "2012.11.13"]
[SourceVersion "1"]
[SourceVersionDate "2012.11.13"]
[SourceQuality "1"]
[WhiteTeam "Jordan"]
[BlackTeam "United States"]
[WhiteTeamCountry "JOR"]
[BlackTeamCountry "USA"]

1. d4 Nf6 2. Nf3 c5 3. g3 g6 4. Bg2 Bg7 5. 0-0 0-0 6. c4 d6 7. Nc3 cxd4 8. Nxd4 Qb6 9. Nb3 Nc6 10. Be3 Qb4 11. c5 Be6 12. cxd6 exd6 13. Nd4 Ng4 14. Nxc6 bxc6 15. a3 Qxb2 16. Bd4 Bxd4 17. Qxd4 c5 18. Qd3 Ne5 19. Qxd6 Qxc3 20. Bxa8 Rxa8 21. Rfc1 Qb2 22. f4 Ng4 23. h3 Nf6 24. Qxc5 Rc8 25. Qe3 Rxc1+ 26. Rxc1 Nd5 27. Qc5 Qxe2 28. Qxa7 Ne3 29. Qa8+ Kg7 30. Qe4 h5 31. Rb1 Bd5 32. Qd4+ Kh7 0-1

[Event "Golden Sands Europe op 1st"]
[Site "Golden Sands"]
[Date "2012.06.11"]
[Round "8"]
[White "Ljangov, Petar"]
[Black "Samhouri, Bilal"]
[Result "1/2-1/2"]
[WhiteElo "2098"]
[BlackElo "2281"]
[PlyCount "80"]
[EventDate "2012.06.04"]
[EventType "swiss"]
[EventRounds "9"]
[EventCountry "BUL"]
[SourceTitle "CBM 148 Extra"]
[Source "ChessBase"]
[SourceDate "2012.06.22"]
[SourceVersion "1"]
[SourceVersionDate "2012.06.22"]
[SourceQuality "1"]

1. e4 c5 2. Nf3 g6 3. Bc4 Bg7 4. 0-0 Nc6 5. c3 e5 6. d3 Nge7 7. Be3 d6 8. Ng5 0-0 9. f4 Na5 10. fxe5 Nxc4 11. dxc4 Bxe5 12. Nf3 Bg4 13. h3 Bxf3 14. Rxf3 Nc6 15. Nd2 Bg7 16. Bf4 Qe7 17. Qc2 Rfe8 18. Raf1 Ne5 19. Bxe5 Bxe5 20. Qd3 Qe6 21. Rxf7 Qxf7 22. Rxf7 Kxf7 23. Qd5+ Kg7 24. Qxb7+ Kh8 25. Qd5 Rab8 26. b3 Bxc3 27. Nf3 Be5 28. Kf2 Rf8 29. Ke2 Bf4 30. Kd3 Rb6 31. Kc2 Rbb8 32. h4 Kg7 33. Kd3 Rbe8 34. a3 Rb8 35. Kc2 Rf7 36. Qd3 Rc7 37. Qd5 Rbc8 38. Kd3 Rb8 39. Kc2 Re8 40. Kd3 Rb8 1/2-1/2

[Event "Arab Games"]
[Site "Doha"]
[Date "2011.12.14"]
[Round "2"]
[White "Goutali, Tarek"]
[Black "Samhouri, Bilal"]
[Result "0-1"]
[WhiteElo "2327"]
[BlackElo "2283"]
[PlyCount "68"]
[EventDate "2011.12.13"]
[EventType "team-swiss"]
[EventRounds "9"]
[EventCountry "QAT"]
[SourceTitle "CBM 145 Extra"]
[Source "ChessBase"]
[SourceDate "2012.01.03"]
[SourceVersion "1"]
[SourceVersionDate "2012.01.03"]
[SourceQuality "1"]
[WhiteTeam "Algeria"]
[BlackTeam "Jordan"]
[WhiteTeamCountry "ALG"]
[BlackTeamCountry "JOR"]

1. e4 c5 2. Nf3 g6 3. c3 d5 4. e5 Nc6 5. d4 Bg4 6. Bb5 Qb6 7. Bxc6+ bxc6 8. dxc5 Qxc5 9. 0-0 Bg7 10. Re1 Qb6 11. Nbd2 Nh6 12. Nb3 Nf5 13. h3 Bxf3 14. Qxf3 Bh6 15. Bxh6 Nxh6 16. e6 0-0 17. Re5 f6 18. Re2 Nf5 19. Rd1 Qa6 20. a3 Qa4 21. c4 dxc4 22. g4 Nh4 23. Qg3 Qxb3 24. Qxb3 cxb3 25. Rd3 g5 26. Rd7 Ng6 27. Re3 Rfb8 28. Rc3 Kf8 29. Rc5 Ne5 30. Rc7 Rd8 31. h4 h6 32. hxg5 hxg5 33. Rc3 Rd3 34. Rc1 Rd6 0-1

[Event "Arab Games blitz"]
[Site "Doha"]
[Date "2011.12.10"]
[Round "3"]
[White "Hemam, Moulaye Brahim"]
[Black "Samhouri, Bilal"]
[Result "1-0"]
[WhiteElo "2018"]
[BlackElo "2283"]
[PlyCount "89"]
[EventDate "2011.12.10"]
[EventType "swiss (blitz)"]
[EventRounds "9"]
[EventCountry "QAT"]
[SourceTitle "CBM 145 Extra"]
[Source "ChessBase"]
[SourceDate "2012.01.03"]
[SourceVersion "1"]
[SourceVersionDate "2012.01.03"]
[SourceQuality "1"]

1. d4 Nf6 2. Nf3 d5 3. g3 e6 4. Bg2 c5 5. 0-0 Be7 6. c4 0-0 7. cxd5 exd5 8. Nc3 Nc6 9. h3 h6 10. a3 Be6 11. Re1 Rc8 12. Be3 Qd7 13. Kh2 c4 14. Bf4 Nh5 15. Qd2 Na5 16. Rad1 Nb3 17. Qc2 Nxf4 18. gxf4 Bf5 19. e4 dxe4 20. Ne5 Qc7 21. Bxe4 Bxe4 22. Qxe4 Bd6 23. Rg1 Rfe8 24. Nd5 Qd8 25. Qg2 Bf8 26. Ne3 b5 27. Nf5 Qf6 28. Qe4 a5 29. Rxg7+ Bxg7 30. Rg1 Kf8 31. Rxg7 Rc7 32. Rh7 Nd2 33. Qg2 Rxe5 34. dxe5 Qxf5 35. Qg7+ Ke7 36. Qxh6 Nf3+ 37. Kg3 Nd2 38. Qh4+ Ke6 39. Rh6+ Kd5 40. Rd6+ Kc5 41. Rxd2 b4 42. axb4+ axb4 43. Rc2 c3 44. bxc3 bxc3 45. Rc1 1-0

[Event "Albena op 19th"]
[Site "Albena"]
[Date "2011.06.27"]
[Round "3"]
[White "Samhouri, Bilal"]
[Black "Nevednichy, Vladislav"]
[Result "1/2-1/2"]
[WhiteElo "2269"]
[BlackElo "2542"]
[PlyCount "87"]
[EventDate "2011.06.25"]
[EventType "swiss"]
[EventRounds "9"]
[EventCountry "BUL"]
[SourceTitle "CBM 143 Extra"]
[Source "ChessBase"]
[SourceDate "2011.08.29"]
[SourceVersion "1"]
[SourceVersionDate "2011.08.29"]
[SourceQuality "1"]

1. d4 d6 2. Nf3 g6 3. c4 Bg7 4. Nc3 Nf6 5. Bg5 h6 6. Bh4 g5 7. Bg3 Nh5 8. e3 e6 9. Bd3 Nd7 10. Qc2 0-0 11. Ne2 f5 12. h3 b6 13. Bh2 Bb7 14. 0-0-0 Qe7 15. Rhg1 a6 16. Nc3 Kh8 17. Ne1 Nhf6 18. g4 fxg4 19. hxg4 c5 20. f4 cxd4 21. exd4 Ng8 22. Be4 d5 23. cxd5 exd5 24. Bf5 b5 25. Kb1 b4 26. Ne2 Rac8 27. Qd2 Rxf5 28. gxf5 g4 29. Nd3 Qe4 30. Ka1 Ngf6 31. Rc1 a5 32. Rxc8+ Bxc8 33. Ne5 Qxf5 34. Ng3 Qe6 35. Re1 Ne4 36. Nxe4 dxe4 37. d5 Qf5 38. Qc2 Bb7 39. Qxe4 Qxe4 40. Rxe4 Nf6 41. Rc4 Bxd5 42. Rc5 a4 43. Bg3 Bf3 44. Rc4 1/2-1/2

[Event "Olympiad-39"]
[Site "Khanty-Mansiysk"]
[Date "2010.09.23"]
[Round "3.4"]
[White "Samhouri, Bilal"]
[Black "Gaealafshwe, Barileng"]
[Result "1-0"]
[WhiteElo "2269"]
[BlackElo "2172"]
[PlyCount "69"]
[EventDate "2010.09.21"]
[EventType "team-swiss"]
[EventRounds "11"]
[EventCountry "RUS"]
[SourceTitle "CBM 139"]
[Source "ChessBase"]
[SourceDate "2010.11.18"]
[SourceVersion "1"]
[SourceVersionDate "2010.11.18"]
[SourceQuality "1"]
[WhiteTeam "Jordan"]
[BlackTeam "Botswana"]
[WhiteTeamCountry "JOR"]
[BlackTeamCountry "BOT"]

1. d4 d5 2. c4 c6 3. Nc3 Nf6 4. cxd5 cxd5 5. Nf3 Nc6 6. Bf4 a6 7. e3 e6 8. Bd3 Bd6 9. Bg5 h6 10. Bh4 0-0 11. Rc1 Bd7 12. 0-0 Rc8 13. Re1 Be7 14. Ne5 Nxe5 15. dxe5 Nh7 16. Bg3 f5 17. exf6 Nxf6 18. Qe2 Bc6 19. Rcd1 Bd6 20. e4 Bxg3 21. hxg3 Qe8 22. e5 Nd7 23. Bb1 Qe7 24. Qd3 Rf5 25. g4 Rxe5 26. Qh7+ Kf7 27. Rxe5 Nxe5 28. f4 Nd7 29. Bg6+ Kf6 30. g5+ hxg5 31. fxg5+ Kxg5 32. Qh5+ Kf4 33. g3+ Kxg3 34. Rd3+ Kf4 35. Rf3# 1-0

[Event "Olympiad-39"]
[Site "Khanty-Mansiysk"]
[Date "2010.09.21"]
[Round "1.4"]
[White "Samhouri, Bilal"]
[Black "Balogh, Csaba"]
[Result "1/2-1/2"]
[WhiteElo "2269"]
[BlackElo "2608"]
[PlyCount "119"]
[EventDate "2010.09.21"]
[EventType "team-swiss"]
[EventRounds "11"]
[EventCountry "RUS"]
[SourceTitle "CBM 139"]
[Source "ChessBase"]
[SourceDate "2010.11.18"]
[SourceVersion "1"]
[SourceVersionDate "2010.11.18"]
[SourceQuality "1"]
[WhiteTeam "Jordan"]
[BlackTeam "Hungary"]
[WhiteTeamCountry "JOR"]
[BlackTeamCountry "HUN"]

1. d4 Nf6 2. Nf3 e6 3. c4 b6 4. a3 Bb7 5. Nc3 d5 6. cxd5 Nxd5 7. e3 Be7 8. Bd3 0-0 9. 0-0 Nxc3 10. bxc3 c5 11. Qe2 Nc6 12. Bb2 Qc7 13. Rac1 Rfd8 14. Rfd1 Rac8 15. c4 Na5 16. Ne5 g6 17. Qg4 Bf6 18. Qf4 Bg7 19. dxc5 bxc5 20. Bc3 Nc6 21. Nxc6 Qxc6 22. Qg3 Bxc3 23. Rxc3 Qa4 24. Qg4 Be4 25. Qe2 Rd6 26. Bc2 Rxd1+ 27. Bxd1 Qa5 28. Qb2 Rd8 29. Be2 Rd7 30. Kf1 Qd8 31. f3 Rd2 32. Qc1 Bc6 33. Rc2 Rd7 34. Rb2 Qc7 35. Kg1 Qe5 36. Rb3 Kg7 37. Qb2 Kf6 38. Kf2 g5 39. Qxe5+ Kxe5 40. Rb8 Rd2 41. Rc8 Kd6 42. Rd8+ Bd7 43. Ra8 f5 44. Rxa7 h5 45. Ra6+ Bc6 46. Ra7 Ra2 47. Rh7 Be8 48. Ra7 g4 49. Ra8 Ke7 50. Ra5 Kd6 51. Ra8 Bc6 52. Rh8 gxf3 53. gxf3 Ba4 54. Kf1 Rxa3 55. Kf2 Ra2 56. Kf1 Ra1+ 57. Kf2 Ra2 58. Kf1 Ra1+ 59. Kf2 Ra2 60. Kf1 1/2-1/2

[Event "King Abdullah II op 3rd"]
[Site "Amman"]
[Date "2009.06.21"]
[Round "5"]
[White "Saad, Baha"]
[Black "Samhouri, Bilal"]
[Result "1-0"]
[WhiteElo "2127"]
[BlackElo "2213"]
[PlyCount "42"]
[EventDate "2009.06.18"]
[EventType "swiss"]
[EventRounds "9"]
[EventCountry "JOR"]
[SourceTitle "EXT 2022"]
[Source "ChessBase"]
[SourceDate "2021.10.06"]
[SourceVersion "1"]
[SourceVersionDate "2021.10.06"]
[SourceQuality "1"]

1. d4 Nf6 2. Nf3 c5 3. e3 d5 4. Nbd2 g6 5. b3 cxd4 6. exd4 Bg7 7. Bd3 Nc6 8. a3 Nh5 9. Bb2 Nf4 10. Bf1 Qd6 11. g3 Qe6+ 12. Be2 Nh3 13. c4 0-0 14. Kf1 g5 15. Kg2 g4 16. Ne5 Bxe5 17. dxe5 Nxe5 18. Re1 Ng6 19. f3 h5 20. Qc2 Qe3 21. cxd5 e6 1-0

[Event "JOR-ch"]
[Site "Amman"]
[Date "2009.04.24"]
[Round "5"]
[White "Samhouri, Bilal"]
[Black "Mansour, Sameer"]
[Result "1/2-1/2"]
[WhiteElo "2213"]
[BlackElo "2255"]
[PlyCount "31"]
[EventDate "2009.04.09"]
[EventType "swiss"]
[EventRounds "9"]
[EventCountry "JOR"]
[SourceTitle "CBM 130 Extra"]
[Source "ChessBase"]
[SourceDate "2009.07.02"]
[SourceVersion "2"]
[SourceVersionDate "2009.07.15"]
[SourceQuality "1"]

1. e4 c5 2. Nf3 Nc6 3. d4 cxd4 4. Nxd4 g6 5. c4 Nf6 6. Nc3 Nxd4 7. Qxd4 d6 8. Bg5 Bg7 9. Be2 0-0 10. Qd2 Be6 11. Rc1 Qa5 12. f3 Rfc8 13. b3 a6 14. Nd5 Qxd2+ 15. Kxd2 Bxd5 16. cxd5 1/2-1/2

[Event "JOR-ch"]
[Site "Amman"]
[Date "2009.04.11"]
[Round "4"]
[White "Aboudi, Marwan"]
[Black "Samhouri, Bilal"]
[Result "0-1"]
[WhiteElo "2176"]
[BlackElo "2213"]
[PlyCount "60"]
[EventDate "2009.04.09"]
[EventType "swiss"]
[EventRounds "9"]
[EventCountry "JOR"]
[SourceTitle "CBM 130 Extra"]
[Source "ChessBase"]
[SourceDate "2009.07.02"]
[SourceVersion "2"]
[SourceVersionDate "2009.07.15"]
[SourceQuality "1"]

1. Nf3 c5 2. c4 e6 3. g3 d5 4. cxd5 exd5 5. d4 Nf6 6. Bg2 Nc6 7. Nc3 Be7 8. 0-0 0-0 9. dxc5 Bxc5 10. Bg5 d4 11. Bxf6 Qxf6 12. Nd5 Qd6 13. Nd2 Be6 14. Nf4 Bb6 15. Rc1 Rad8 16. Qa4 Rc8 17. Nc4 Qd8 18. Nxe6 fxe6 19. Qb3 Rf6 20. Bh3 Qd5 21. Bg2 Qd8 22. Rfd1 Kh8 23. Bh3 Rb8 24. Nxb6 axb6 25. Bxe6 Qe7 26. Bg4 Ne5 27. Bh3 d3 28. exd3 Rbf8 29. f4 Nf3+ 30. Kf2 Nd4 0-1

[Event "Olympiad-38"]
[Site "Dresden"]
[Date "2008.11.15"]
[Round "3"]
[White "Samhouri, Bilal"]
[Black "Kotsur, Pavel"]
[Result "0-1"]
[WhiteElo "2205"]
[BlackElo "2563"]
[PlyCount "70"]
[EventDate "2008.11.13"]
[EventType "team-swiss"]
[EventRounds "11"]
[EventCountry "GER"]
[SourceTitle "CBM 128"]
[Source "ChessBase"]
[SourceDate "2009.01.28"]
[SourceVersion "1"]
[SourceVersionDate "2009.01.28"]
[SourceQuality "1"]
[WhiteTeam "Jordan"]
[BlackTeam "Kazakhstan"]
[WhiteTeamCountry "JOR"]
[BlackTeamCountry "KAZ"]

1. d4 Nf6 2. Nf3 e6 3. Bg5 h6 4. Bxf6 Qxf6 5. e4 d6 6. Bd3 e5 7. c3 g6 8. 0-0 Bg7 9. Nbd2 0-0 10. Re1 Qe7 11. Nc4 Nc6 12. dxe5 dxe5 13. Qe2 Nd8 14. b4 Ne6 15. g3 Ng5 16. Nxg5 Qxg5 17. Qe3 Qe7 18. Bf1 h5 19. Rad1 Bf6 20. f3 Be6 21. Qf2 Bg7 22. Qe3 Rfc8 23. Qf2 Rf8 24. Qe3 c6 25. Qf2 Qc7 26. Kh1 b6 27. Kg1 Rad8 28. Qc2 b5 29. Ne3 Qb6 30. Kh1 Bh6 31. Ng2 Qa6 32. Re2 Qa3 33. Ne1 Rxd1 34. Qxd1 Qxc3 35. Nd3 Bc4 0-1

[Event "Arab-ch U18"]
[Site "Abu Dhabi"]
[Date "2007.08.09"]
[Round "9"]
[White "Haidar, Hashem Ali"]
[Black "Samhouri, Bilal"]
[Result "0-1"]
[WhiteElo "1908"]
[BlackElo "2046"]
[PlyCount "52"]
[EventDate "2007.08.01"]
[EventType "swiss"]
[EventRounds "9"]
[EventCountry "UAE"]
[SourceTitle "EXT 2010"]
[Source "ChessBase"]
[SourceDate "2010.11.25"]
[SourceVersion "1"]
[SourceVersionDate "2010.11.25"]
[SourceQuality "1"]

1. Nf3 c5 2. g3 g6 3. Bg2 Bg7 4. 0-0 Nc6 5. e4 e6 6. c3 Nge7 7. Na3 d5 8. exd5 exd5 9. d4 cxd4 10. Nxd4 Nxd4 11. cxd4 0-0 12. b3 Qb6 13. Bb2 Be6 14. Nc2 Nc6 15. Qd2 Rfd8 16. Rfd1 Rac8 17. Rac1 a5 18. Bf3 a4 19. b4 Bf8 20. a3 Na5 21. Ne3 Nb3 22. Qe1 Nxc1 23. Rxc1 Rxc1 24. Qxc1 Rc8 25. Qd1 Qc6 26. Be2 Bh3 0-1